000 00593nam a2200229Ia 4500
003 OSt
005 20220928102128.0
006 a|||||r|||| 00| 0
007 ta
008 220927b |||||||| |||| 00| 0 eng d
024 _a58658
037 _cTextual
040 _aSDCL
_cSDCL
_beng
041 _2eng
_aeng
082 _aO152,3N49,2, L2
100 _aGupta Vijay Kumar
_9396727
245 0 _aBanjara.
260 _aNew Delhi
_bSury Prakashan
_c1972
300 _a143p.
_ccm.
942 _hO152,3N49,2, L2
_cTEXL
_2CC
999 _c712486
_d712486